000
00303pam a2200121a 44500
008
230405s2002 xxu||||| |||| 00| 0 eng d
041
_a
ENG
100
_a
Diana Neill
245
_a
A short History of the English Novel
260
_a
Ludhiana
_b
Kalyani Publishers
_c
2002
300
_a
456
906
_a
9777
999
_c
300276
_d
300276